000 00466nam a22001571c 4500
001 a987684095
008 051017s1963 gw |||| 000u ger d
041 _ager
100 1 _aEyck, Erich
245 0 0 _aAuf Deutschlands politischem Forum :
_bdeutsche Parlamentarier und Studien zur neuesten deutschen Geschichte /
_cErich Eyck
264 _aErlenbach-Zürich u.a. :
_bRentsch,
_c1963
300 _a183 S.
942 _cMG
040 _cRU-10907106
003 RU-10907106
999 _c8198
_d8198